000 00392nam a2200157Ia 4500
008 240729s9999 xx 000 0 und d
022 _a2625-1825
245 0 _aOrganic Materials
260 _aGermany
260 _bGeorg Thieme Verlag
650 _a Chemistry
650 _aScience
856 _uhttps://doaj.org/toc/30d2da77eecd42c1b8f28d651688b7d4
942 _2ddc
942 _cDOAJEJ
999 _c71280
_d71280
945 _a1
_bMadushi Gamage
_c1
_dMadushi Gamage